书目信息 |
| 题名: |
西方六大美学观念史
|
|
| 作者: | 塔塔尔凯维奇, 著 ;刘文潭 译 | |
| 分册: | ||
| 出版信息: | 上海 上海译文出版社 2006.08 |
|
| 页数: | 398页 | |
| 开本: | 24cm | |
| 丛书名: | 大学译丛 | |
| 单 册: | ||
| 中图分类: | B83-095 | |
| 科图分类: | ||
| 主题词: | 文学史--wen xue shi--西方国家 | |
| 电子资源: | ||
| ISBN: | 7-5327-4070-6 | |
| 000 | 01031nam 2200253 450 | |
| 001 | 012006224296 | |
| 005 | 20061130091907.21 | |
| 010 | @a7-5327-4070-6@dCNY46.00 | |
| 100 | @a20061027d2006 km y0chiy0120 ea | |
| 101 | 1 | @achi@cpol |
| 102 | @aCN@b310000 | |
| 105 | @ay z 000yy | |
| 200 | 1 | @a西方六大美学观念史@Axi fang liu da mei xue guan nian shi@f(波) 瓦迪斯瓦夫·塔塔尔凯维奇著@F(bo)wa di si wa fu·ta ta er kai wei qi zhu@g刘文潭译@Gliu wen tan yi |
| 210 | @a上海@c上海译文出版社@d2006.08 | |
| 215 | @a398页@d24cm | |
| 225 | 2 | @a大学译丛@Ada xue yi cong |
| 330 | @a本书是一部美学史著作,构思独特,写法新颖,以对美学的六大观念的讨论谋篇布局。这六大观念是:艺术(三章)、美(三章)、形式(一章)、创造性(一章)、模仿(二章)、审美经验(一章)。 | |
| 410 | 0 | @12001 @a大学译丛 |
| 606 | 0 | @a文学史@Awen xue shi@y西方国家 |
| 690 | @aB83-095@v4 | |
| 701 | 1 | @a塔塔尔凯维奇,@Ata ta er kai wei qi,@bT.@g(Wladyslaw, T.)@4著 |
| 702 | 0 | @a刘文潭@Aliu wen tan@4译 |
| 801 | 0 | @aCN@c20061130 |
| 905 | @a10447@dB83-095@eT020 | |
| 西方六大美学观念史/(波) 瓦迪斯瓦夫·塔塔尔凯维奇著/刘文潭译.-上海:上海译文出版社,2006.08 |
| 398页;24cm.-(大学译丛) |
| ISBN 7-5327-4070-6:CNY46.00 |
| 本书是一部美学史著作,构思独特,写法新颖,以对美学的六大观念的讨论谋篇布局。这六大观念是:艺术(三章)、美(三章)、形式(一章)、创造性(一章)、模仿(二章)、审美经验(一章)。 |
| ● |
| 相关链接 |
|
|
|
正题名:西方六大美学观念史
索取号:B83-095/T020
 
预约/预借
| 序号 | 登录号 | 条形码 | 馆藏地/架位号 | 状态 | 备注 |
| 1 | 223430 | 202234304 | 社科库509/509社科库 33排2列5层/ [索取号:B83-095/T020] | 在馆 | |
| 2 | 223431 | 202234313 | 社科库509/509社科库 33排2列5层/ [索取号:B83-095/T020] | 在馆 | |
| 3 | 223432 | 202234322 | 社科库509/509社科库 33排2列5层/ [索取号:B83-095/T020] | 在馆 |